[Event "Bogota McGregor op 3rd"]
[Site "Bogota"]
[Date "2012.12.14"]
[Round "4"]
[White "Mejia Acevedo, Miguel Angel"]
[Black "Pabon Sarmiento, Juan Pablo"]
[Result "0-1"]
[WhiteElo "1816"]
[BlackElo "1952"]
[PlyCount "44"]
[EventDate "2012.12.12"]
[EventType "swiss"]
[EventRounds "9"]
[EventCountry "COL"]
[SourceTitle "EXT 2014"]
[Source "ChessBase"]
[SourceDate "2013.11.20"]
[SourceVersion "1"]
[SourceVersionDate "2013.11.20"]
[SourceQuality "1"]

1. e4 e6 2. b3 Nf6 3. Bd3 d5 4. Nc3 d4 5. Nce2 e5 6. f4 Nc6 7. Nf3 Bg4 8. Nxe5 Nxe5 9. fxe5 Nd7 10. e6 fxe6 11. 0-0 Bd6 12. Qe1 Qg5 13. Bb2 Bh3 14. Rf2 0-0-0 15. Kh1 Bg4 16. Bxd4 Qh6 17. g3 Ne5 18. Be3 g5 19. Bc4 Nf3 20. Qf1 Rhf8 21. Qc1 Qg6 22. Nc3 Bxg3 0-1

[Event "Bogota op 10"]
[Site "Bogota"]
[Date "2012.10.18"]
[Round "8"]
[White "Mejia Acevedo, Miguel Angel"]
[Black "Fuentes, Carlos2222"]
[Result "1/2-1/2"]
[WhiteElo "1600"]
[BlackElo "1850"]
[PlyCount "31"]
[EventDate "2012.10.11"]
[EventType "swiss"]
[EventRounds "9"]
[EventCountry "COL"]
[SourceTitle "EXT 2013"]
[Source "ChessBase"]
[SourceDate "2012.11.22"]
[SourceVersion "1"]
[SourceVersionDate "2012.11.22"]
[SourceQuality "1"]

1. e4 e6 2. b3 d5 3. Bb2 dxe4 4. Nc3 f5 5. Qh5+ g6 6. Qe2 Bg7 7. 0-0-0 Nf6 8. d3 exd3 9. Rxd3 Qe7 10. f4 a6 11. Nf3 0-0 12. h3 Nc6 13. Kb1 Nh5 14. Qe3 Re8 15. g4 Nf6 16. Rg1 1/2-1/2

[Event "Bogota op 10"]
[Site "Bogota"]
[Date "2012.10.15"]
[Round "5"]
[White "Corpus, Eugenio"]
[Black "Mejia Acevedo, Miguel Angel"]
[Result "1-0"]
[WhiteElo "1868"]
[BlackElo "1600"]
[PlyCount "45"]
[EventDate "2012.10.11"]
[EventType "swiss"]
[EventRounds "9"]
[EventCountry "COL"]
[SourceTitle "EXT 2013"]
[Source "ChessBase"]
[SourceDate "2012.11.22"]
[SourceVersion "1"]
[SourceVersionDate "2012.11.22"]
[SourceQuality "1"]

1. e4 c6 2. d4 d5 3. e5 Bf5 4. f4 e6 5. Nf3 c5 6. c3 Nc6 7. Bd3 Bg4 8. Be2 cxd4 9. cxd4 Bb4+ 10. Nc3 Nge7 11. 0-0 Nf5 12. h3 Bh5 13. Nb5 a6 14. Nc3 Bxf3 15. Bxf3 Ncxd4 16. Kh1 Bxc3 17. bxc3 Nxf3 18. Rxf3 h5 19. a4 h4 20. Ba3 Qb6 21. Rf2 Ng3+ 22. Kg1 Ne4 23. Qf1 1-0

[Event "Pan American-ch"]
[Site "Cartagena"]
[Date "2012.07.07"]
[Round "8"]
[White "Contreras R, Wilson Mauricio"]
[Black "Mejia Acevedo, Miguel Angel"]
[Result "1/2-1/2"]
[WhiteElo "1839"]
[BlackElo "1718"]
[PlyCount "63"]
[EventDate "2012.07.04"]
[EventType "swiss"]
[EventRounds "9"]
[EventCountry "COL"]
[SourceTitle "CBM 149 Extra"]
[Source "ChessBase"]
[SourceDate "2012.08.24"]
[SourceVersion "1"]
[SourceVersionDate "2012.08.24"]
[SourceQuality "1"]

1. e4 d5 2. exd5 Qxd5 3. Nc3 Qd8 4. Nf3 Bg4 5. Bc4 e6 6. d3 Nf6 7. Bf4 a6 8. Bb3 Nc6 9. h3 Bh5 10. g4 Bg6 11. Ne5 Nd4 12. Qd2 Bb4 13. a3 Nxb3 14. cxb3 Bc5 15. h4 h5 16. Nxg6 fxg6 17. g5 Nd5 18. Be5 0-0 19. d4 Bd6 20. Qe2 Qe7 21. Qe4 Qf7 22. Rf1 Qf5 23. Bxd6 cxd6 24. 0-0-0 Rac8 25. Qxf5 Rxf5 26. Rd3 Rf4 27. Kd2 Nxc3 28. bxc3 Rxh4 29. Re3 Kf7 30. Rfe1 Re8 31. d5 e5 32. Re4 1/2-1/2

[Event "Pan American-ch"]
[Site "Cartagena"]
[Date "2012.07.06"]
[Round "5"]
[White "Mejia Acevedo, Miguel Angel"]
[Black "Mora, Carlos Eduardo"]
[Result "1-0"]
[WhiteElo "1718"]
[BlackElo "1562"]
[PlyCount "43"]
[EventDate "2012.07.04"]
[EventType "swiss"]
[EventRounds "9"]
[EventCountry "COL"]
[SourceTitle "CBM 149 Extra"]
[Source "ChessBase"]
[SourceDate "2012.08.24"]
[SourceVersion "1"]
[SourceVersionDate "2012.08.24"]
[SourceQuality "1"]

1. e4 c5 2. d4 cxd4 3. Qxd4 Nc6 4. Qa4 a6 5. c3 Nf6 6. Nf3 b5 7. Bxb5 Qb6 8. Bd3 Bb7 9. Qc2 Qc7 10. 0-0 e5 11. Bg5 Be7 12. Nbd2 d6 13. Rad1 Rd8 14. Rfe1 0-0 15. h3 Nh5 16. Be3 Bf6 17. Nc4 Rd7 18. Nb6 Rdd8 19. Nd5 Qb8 20. g4 Nf4 21. Nxf4 exf4 22. Bxf4 1-0